MARC details
| 000 -LEADER |
| fixed length control field |
01207nam a2200301#a 4500 |
| 001 - CONTROL NUMBER |
| control field |
01988 |
| 003 - CONTROL NUMBER IDENTIFIER |
| control field |
HDC |
| 007 - PHYSICAL DESCRIPTION FIXED FIELD--GENERAL INFORMATION |
| fixed length control field |
ta |
| 008 - FIXED-LENGTH DATA ELEMENTS--GENERAL INFORMATION |
| fixed length control field |
230623s2010 xx 000 0 eng d |
| 020 ## - INTERNATIONAL STANDARD BOOK NUMBER |
| International Standard Book Number |
9781401323608 (hbk). |
| 040 ## - CATALOGING SOURCE |
| Original cataloging agency |
HDC |
| 050 ## - LIBRARY OF CONGRESS CALL NUMBER |
| Classification number |
TX715 |
| Item number |
.O472 2010 |
| 100 ## - MAIN ENTRY--PERSONAL NAME |
| Personal name |
Oliver, Jamie, |
| Dates associated with a name |
1975-. |
| 245 #0 - TITLE STATEMENT |
| Title |
Jamie�s America / |
| Statement of responsibility, etc. |
Jamie Oliver ; photography and collages by David Loftus. |
| 250 ## - EDITION STATEMENT |
| Edition statement |
1st U.S. ed. |
| 264 ## - PRODUCTION, PUBLICATION, DISTRIBUTION, MANUFACTURE, AND COPYRIGHT NOTICE |
| Place of production, publication, distribution, manufacture |
New York : |
| Name of producer, publisher, distributor, manufacturer |
Hyperion, |
| Date of production, publication, distribution, manufacture, or copyright notice |
c2010. |
| 300 ## - PHYSICAL DESCRIPTION |
| Extent |
359p. : |
| Other physical details |
col. ill., col. maps ; |
| Dimensions |
26cm. |
| 500 ## - GENERAL NOTE |
| General note |
Easy twists on great American classics, and more.--Dust jacket. |
| -- |
Includes index. |
| 520 ## - SUMMARY, ETC. |
| Summary, etc. |
"Oliver returns with his 10th cookbook, this one a colorful and quirky look at down-home American cooking. Traveling to the cities of New York and Los Angeles, as well as Louisiana, Georgia, Arizona, and Wyoming, Oliver paints a somewhat unbalanced portrait of American cuisine"--Amazon.com." |
| 610 ## - SUBJECT ADDED ENTRY--CORPORATE NAME |
| Corporate name or jurisdiction name as entry element |
Oliver, Jamie, |
| Date of meeting or treaty signing |
1975- |
| General subdivision |
Travel |
| Geographic subdivision |
United States. |
| 650 ## - SUBJECT ADDED ENTRY--TOPICAL TERM |
| Topical term or geographic name entry element |
Cooking, American. |
| 650 ## - SUBJECT ADDED ENTRY--TOPICAL TERM |
| Topical term or geographic name entry element |
Food habits |
| Geographic subdivision |
United States. |
| 650 ## - SUBJECT ADDED ENTRY--TOPICAL TERM |
| Topical term or geographic name entry element |
United States |
| General subdivision |
Description and travel. |
| 942 ## - ADDED ENTRY ELEMENTS (KOHA) |
| Source of classification or shelving scheme |
Library of Congress Classification |
| 942 ## - ADDED ENTRY ELEMENTS (KOHA) |
| Koha item type |
Book |
| 942 ## - ADDED ENTRY ELEMENTS (KOHA) |
| Call number prefix |
TX715 |
| 942 ## - ADDED ENTRY ELEMENTS (KOHA) |
| Call number suffix |
.O472 2010 |